00294nam a2200121Ia 4500008004000000082001300040100000600053245004200059260003600101300000800137440000700145650002000152210210b1983 xxu||||| |||| 00| 0 eng d a030 WORL a- aWorld book encyclopaedia.22V. V10- I. aChicago.bWorld Book Inc,c1983 a526 a10 aEncyclopaedia